| 000 | 01104cam a22002894a 4500 | ||
|---|---|---|---|
| 001 | 13226256 | ||
| 003 | OSt | ||
| 005 | 20151014101537.0 | ||
| 008 | 030605s2003 nyua b 001 0 eng | ||
| 010 | _a 2003051119 | ||
| 020 | _a0071416315 | ||
| 040 |
_aDLC _cDLC _dDLC |
||
| 042 | _apcc | ||
| 050 | 0 | 0 |
_aQA531 _b.G53 2003 |
| 082 | 0 | 0 |
_a516.24 _221 |
| 100 | 1 | _aGibilisco, Stan. | |
| 245 | 1 | 0 |
_aTrigonometry demystified / _cStan Gibilisco. |
| 260 |
_aNew York : _bMcGraw-Hill, _c2003. |
||
| 300 |
_axiii, 303 p. : _bill. ; _c24 cm. |
||
| 504 | _aIncludes bibliographical references (p. 297) and index. | ||
| 650 | 0 | _aTrigonometry. | |
| 856 | 4 | 2 |
_3Contributor biographical information _uhttp://www.loc.gov/catdir/bios/mh042/2003051119.html |
| 856 | 4 | 1 |
_3Table of contents _uhttp://www.loc.gov/catdir/toc/mh031/2003051119.html |
| 906 |
_a7 _bcbc _corignew _d1 _eocip _f20 _gy-gencatlg |
||
| 942 |
_2lcc _cBK |
||
| 999 |
_c250597 _d250597 |
||